000 00409nam a22001217a 4500
082 _aTHE 200
100 _aASAD HAMEED,
_972848
245 _aTH-SOF-0603-HIGHER ORDER SLIDING MODE CONTROL OF PROTON EXCHANGE MEMBRANE FUEL CELL SYSTEM.pdf
260 _aNUST COLLEGE OF EME
_bISLAMABAD
_c2018
650 _a MS-ELECT-55 MSTHESIS
_972849
700 _a DR.KHALID MUNAWAR, DR.AMER IQBAL BHATTI
_972850
942 _cCF
999 _c578828
_d578828